Bilecik Bilecik Bilecik Bilecik Bilecik

Ölüm tohumları : (Record no. 31775)

MARC details
000 -BAŞLIK
Sabit Uzunluktaki Kontrol Alanı 01457nam a22003737a 4500
001 - KONTROL NUMARASI
Control Dosyası 0031864
003 - KONTROL NUMARASI KİMLİĞİ
Kontrol Alanı KOHA_MİRAKIL
005 - EN SON İŞLEM TARİHİ ve ZAMANI
Kontrol Alanı 20260207002813.0
007 - FİZİKSEL TANIM SABİT ALAN - GENEL BİLGİ
Sabit uzunluklu kontrol alanı ta
008 - SABİT UZUNLUKTAKİ VERİ ÖGELERİ - GENEL BİLGİ
Sabit Alan 110823b2010 tu |||gr||||#||||0|tur |
020 ## - ISBN - ULUSLARARASI STANDART KİTAP NUMARASI
Isbn 9789944090698
Kullanılabilirlik koşulları 15,2
040 ## - KATALOGLAMA KAYNAĞI
Özgün Kataloglama Kurumu TR-BiSEU
Kataloglama Dili tur
Çeviri Kurumu TR-BiSEU
Açıklama Kuralları rda
041 0# - DİL KODU
Metin ya da ses kaydının dil kodu tur
044 ## - YAYINLAYAN/ÜRETEN KURULUŞUN ÜLKE KODU
ISO country code tu
050 ## - SINIFLAMA ve YER NUMARASI
Sınıflama Numarası SB106.B56
Yer Numarası E54 2010
100 1# - KİŞİ ADI
Yazar Adı (Kişi adı) Engdahl, William.
245 1# - ESER ADI BİLDİRİMİ
Başlık Ölüm tohumları :
Alt Eseradı vb. kalıtımın değiştirilmesinin arkasındaki karanlık oyunlar/
Sorumluluk Bildirimi William Engdahl ; F. William Engdahl ; çeviri: Özgün Şulekoğlu..
250 ## - BASIM BİLDİRİMİ
Basım Bildirimi
264 #1 - ÜRERİM, YAYIN, DAĞITIM ve TELİF BİLDİRİMİ
Yayın yeri İstanbul :
Yayınlayan Bilim-Gönül Yayınları
Yayın tarihi 2010
300 ## - FİZİKSEL TANIMLAMA
Sayfa, Cilt vb. 326 sayfa; 21 cm.
336 ## - İÇERİK TÜRÜ
Content type term metin
Content type code txt
Source rdacontent
337 ## - MEDYA TÜRÜ
Media type term aracısız
Media type code n
Source rdamedia
338 ## - TAŞIYICI TÜRÜ
Carrier type term cilt
Carrier type code nc
Source rdacarrier
500 ## - GENEL NOT
Genel Not Kaynakça var.
650 #0 - KONU BAŞLIĞI EK GİRİŞ - KONU TERİMİ
Konusal terim veya coğrafi ad Bitki biyoteknolojisi--Siyasal açıdan--ABD.
9 (RLIN) 62706
650 #0 - KONU BAŞLIĞI EK GİRİŞ - KONU TERİMİ
Konusal terim veya coğrafi ad Plant biotechnology--Political aspects--United States.
9 (RLIN) 62707
650 #0 - KONU BAŞLIĞI EK GİRİŞ - KONU TERİMİ
Konusal terim veya coğrafi ad Bitki gen mühendisliği--Siyasal açıdan--ABD.
9 (RLIN) 62708
650 #0 - KONU BAŞLIĞI EK GİRİŞ - KONU TERİMİ
Konusal terim veya coğrafi ad Plant genetic engineering--Political aspects--United States.
9 (RLIN) 62709
650 #0 - KONU BAŞLIĞI EK GİRİŞ - KONU TERİMİ
Konusal terim veya coğrafi ad Transgenetik bitkiler--Siyasal açıdan--ABD.
9 (RLIN) 62710
650 #0 - KONU BAŞLIĞI EK GİRİŞ - KONU TERİMİ
Konusal terim veya coğrafi ad Transgenic plants--Political aspects--United States.
9 (RLIN) 62711
650 #0 - KONU BAŞLIĞI EK GİRİŞ - KONU TERİMİ
Konusal terim veya coğrafi ad Tarımsal biyoteknoloji--Siyasal açıdan--ABD.
9 (RLIN) 62712
650 #0 - KONU BAŞLIĞI EK GİRİŞ - KONU TERİMİ
Konusal terim veya coğrafi ad Agricultural biotechnology--Political aspects--United States.
9 (RLIN) 62713
942 ## - EK GİRİŞ ÖGELERİ (KOHA)
Source of classification or shelving scheme Library of Congress Classification
Koha item type Book
Holdings
Materyal Türü Kalıcı Konum Mevcut Konum Raf Yeri Sınıflandırma Kaynağı Edinim Bilgisi Ana Konular Alt Konular Yer Numarası Demirbaş Numarası Fatura Tarihi Maliyet, Alış Fiyatı Maliyet, Yenileme Fiyatı Geri Çekilme Durumu Kayıp Durumu Hasarlı Durumu Kredi için değil Kayıt Tarih Toplam Ödünçverme Son Görülme Tarihi Son Kontrol Tarihi
Book Prof. Dr. Azmi Özcan Kütüphanesi Prof. Dr. Azmi Özcan Kütüphanesi Birûni Salonu Library of Congress Classification Satın TARIM Bitki Kültürü SB106.B56 E54 2010 0031864 24/08/2011 15.20 15.20         23/08/2011 15 05/12/2024 05/12/2024